| 000 | 00675cam a22001935a 4500 | ||
|---|---|---|---|
| 001 | L149824 | ||
| 008 | 100430e2010 xxk 000 0 eng d | ||
| 035 | _a(Sirsi) u149824 | ||
| 041 | 0 | _aeng | |
| 100 | 1 | _aJanssen, Rod | |
| 245 | 0 | 0 | _aEU energy performance of buildings directive gets tough |
| 260 | _c2010 | ||
| 490 |
_aProceedings of the Institution of Civil Engineers _v(163) May 2010, 53(1) |
||
| 520 | _aA revised and tougher version of the EU energy performance of buildings directive is due to come into force summer 2010. | ||
| 590 | _aKA | ||
| 651 | 4 | _aEurope | |
| 690 | _aENVIRONMENTAL AND LAND CONSULTANCY-ENERGY-ENERGY USE-ENERGY EFFICIENCY | ||
| 942 | _n0 | ||
| 999 |
_c82286 _d82286 |
||